000 00491nam a2200157Ia 4500
008 180921t2017 xxu||||| |||| 00| 0 sin d
041 _asin
100 _aබරෝස්, එඩ්ගා රයිස්
245 _aඋරග දිවයින
260 _bගොඩගේ
_aකොළඹ
_c2017
300 _aසෙ.මි.21, පි.80
700 _aතිස්ස හේවාවිස්ස
_eපරි.
942 _cBK
999 _c10786
_d10786
003 LK-CoDNM
040 _aLK-CoDNM
_dLK-CoDNM
_eLK-CoDNM